| 000 | 00684nam a2200205 i 4500 | ||
|---|---|---|---|
| 001 | 173461 | ||
| 003 | ES-MaACL | ||
| 005 | 20230906215240.0 | ||
| 008 | 091202s1936 pr |||| |dspa d | ||
| 080 | _a929 Colón, Cristóbal | ||
| 080 | _a972.95"1493/1511" | ||
| 100 | 1 |
_aGonzález Ginorio, José. _9146705 |
|
| 245 | 1 | 3 |
_aEl descubrimiento de Puerto Rico / _cJosé González Ginorio. |
| 250 | _a1ª ed. | ||
| 260 |
_aSan Juan, Puerto Rico : _b[s.n.], _c1936 ( _fImp. Venezuela) |
||
| 300 |
_aXXI, 328 p. ; _c28 cm. |
||
| 600 | 1 | 4 |
_aColón, Cristóbal. _939869 |
| 651 | 4 |
_aPuerto Rico- _xHistoria- _y1493-1511, Descubrimiento y conquista. _9163440 |
|
| 852 |
_aES-MaACL _jC-56955 |
||
| 999 |
_c173461 _d173461 |
||